Statistiken für Top 15 der betroffenen Covid-19-Länder - 17. März 2021

Klicken Sie hier um das Quiz zu spielen!

Allgemein

  • Dieses Quiz wurde 17 mal gespielt
  • Das Durchschnittsergebnis liegt bei 19 aus 28

Antwortstatistiken

Land% Korrekt
Argentinien
100%
Brasilien
100%
Deutschland
100%
Frankreich
100%
Italien
100%
Spanien
100%
Vereinigte Staaten
100%
Indien
94%
Russland
94%
Tschechien
88%
Mexiko
81%
Türkei
81%
Vereinigtes Königreich
81%
Iran
75%
Kolumbien
75%
Niederlande
75%
Polen
75%
Portugal
75%
Belgien
69%
Schweden
69%
Schweiz
38%
Israel
31%
Georgien
25%
Litauen
25%
Panama
25%
Slowenien
25%
Bahrain
19%
Estland
13%

Verteilung der Resultate

Perzentil nach korrekt beantworteten Fragen

Anzahl Personen mit jedem Resultat

Ihre Resultats-Entwicklung

Sie haben dieses Quiz noch nicht gespielt